000 01342nam0a22002891 4500
001 rc\63150
005 20021216130030.3
035 _a(NLR Aleph) 005338105
090 _a6663849
_c6663849
100 _a20021216d1991 u |0rusy50 ca
101 0 _arus
102 _aRU
105 _ay |||||||||
200 1 _aРусская поэзия XX века. Антология русской лирики первой четверти XX века
_fИ.С. Ежов, Е.И. Шамурин
_gС ввод. ст. В. Полянского
_g[Коммент. к разд. "Биобиблиография" И. Винокуровой, Т. Дмитриевой]
205 _a[Факс. изд.]
210 _aМ.
_cАмирус
_cИРЦ "Инфодизайн"
_d1991
215 _aLXVI, 671, [13] с.
_d27
300 _aНа пер. авт. не указаны
300 _aВых. дан. ориг.: М.: Новая Москва, 1925
320 _aУказ. поэтов и их произведений и общ. указ. стихотворений: с. 592-667
700 1 _aЕжов
_bИ. С.
_f1880-1959
_gИван Степанович
_3RU\NLR\AUTH\770234610
701 1 _aШамурин
_bЕ. И.
_gЕвгений Иванович
801 0 _aRU
_bNLR
_gpsbo
801 1 _aRU
_bELAR
_2rusmarc
852 _aNLR
_j91-7/802
942 _cBOOK
980 _aNB